K rané tvorbě pražského malíře Antonína Stevense ze Steinfelsu
| Titel: | K rané tvorbě pražského malíře Antonína Stevense ze Steinfelsu |
|---|---|
| Verfasser: | |
| In: |
Orbis artium, (2009), Seite 165-174 alle Artikel anzeigen |
| Veröffentlicht: | 2009 |
| Format: | Aufsatz |
| Sprache: | Tschechisch |
X
alg: 39341115 001A $01999:12-11-16 001B $01999:28-04-17 $t15:50:35.000 001D $01999:12-11-16 001U $0utf8 001X $00 002@ $0Aox 003@ $039341115X 007A $039341115X $aHEB 007T $0Herdpp168200 010@ $acze 011@ $a2009 021A $aK rané tvorbě pražského malíře Antonína Stevense ze Steinfelsu 028A $aVáha $dŠtěpán 031A $h165-174 $j2009 037A $aRés. angl. s. 172-173: On Early Works of Prague's Painter Anton Stevens von Steinfels 039B $aIn $8--Aau--. @Orbis artium. - Brno : Masarykova univerzita, 2009. - 846, [1] S.. - Ill. - ISBN 978-80-210-4972-7 $x200900000000000835 $9222799129 lok: 39341115 78 exp: 39341115 78 1 #EPN 201B/01 $026-11-17 $t03:18:16.000 201U/01 $0utf8 203@/01 $0789521598 208@/01 $a12-11-16 $be 209A/01 $a/ $f000 $x00 220C/01 $aHerkunft: Hú Av Čr Praha 244Z/01 $#Tschechien $#Tschechische Republik $#Tschechische Republik $#Tschechenland $#Tschechei Tschechien $#Česká Republika $#Czech Republic $#ČR $74303381-7 $8--Tg1--Tschechien $x01 $9086659812 244Z/01 $2Trx $#Böhmen $#Bohemia $#Czechy $8--Trx--Čechy $x02 $9391188941 244Z/01 $#Prag $#Hlavni Město Praha $#Hauptstadt Prag $#Prag Kraj $#Bezirk Prag $#Praha $#Prague $#Praga $#Praag $74076310-9 $8--Tg1--Prag $x03 $9085216283 244Z/01 $aStevens ze Steinfelsu Antonín 1610-1675 $x04 244Z/01 $2Trx $#maalrid $#dailininkai $#painters artists $#festö $#malarze artyści $#maliari $#malíři $8--Trx--Maler$gKünstler $x05 $9391383302 244Z/01 $aumění barokní $x06 244Z/01 $2Trx $8--Trx--Einzelbeiträge $x07 $9391384570 247C/01 $82080>Marburg/Lahn, Herder-Institut, Forschungsbibliothek, Bibliographieportal $9336309341
| LEADER | 00000caa a22000002c 4500 | ||
|---|---|---|---|
| 001 | 39341115X | ||
| 003 | DE-603 | ||
| 005 | 20170428155035.0 | ||
| 007 | tu | ||
| 008 | 161112s2009 xx |||| | u00||u|cze c | ||
| 035 | |a (DE-599)HEB39341115X | ||
| 040 | |a DE-603 |b ger |c DE-603 |d DE-603 | ||
| 041 | |a cze | ||
| 100 | 1 | |a Váha, Štěpán | |
| 245 | 0 | 0 | |a K rané tvorbě pražského malíře Antonína Stevense ze Steinfelsu |
| 264 | 0 | |c 2009 | |
| 500 | |a Rés. angl. s. 172-173: On Early Works of Prague's Painter Anton Stevens von Steinfels | ||
| 773 | 0 | 8 | |i In |t Orbis artium |d Brno : Masarykova univerzita, 2009 |h 846, [1] S., Ill |z 9788021049727 |z 8021049723 |g (2009), Seite 165-174 |w (DE-603)222799129 |
| 924 | 0 | |9 2080 |a (DE-603)789521598 |b DE-2080 |c HES |d d |g / | |


